The noble scholar, jurist, historian


 His Excellency Dr. Abdul Wahhab bin Ibrahim Abu Sulaiman, may Allah have mercy on him.


 He was born in Umm Al-Qura in the year 1356 AH.

علماء الإسلام في الأندلس / (Record no. 12641)

MARC details
000 -LEADER
fixed length control field 05556cam a2200409 i 4500
003 - CONTROL NUMBER IDENTIFIER
control field SA-RiAUC
005 - DATE AND TIME OF LATEST TRANSACTION
control field 20251020072531.0
008 - FIXED-LENGTH DATA ELEMENTS--GENERAL INFORMATION
fixed length control field 251003s2011____le g b 000 0cara c
020 ## - INTERNATIONAL STANDARD BOOK NUMBER
International Standard Book Number 9786144161401
024 0# - OTHER STANDARD IDENTIFIER
Standard number or code 00000000627030
040 ## - CATALOGING SOURCE
Original cataloging agency AE-DuMBRL
Language of cataloging ara
Transcribing agency SA-RiAUC
Description conventions rda
050 #4 - LIBRARY OF CONGRESS CALL NUMBER
Item number .M84 2011
082 04 - DEWEY DECIMAL CLASSIFICATION NUMBER
Classification number 920.0468
Assigning agency SA-RiAUC
090 ## - LOCALLY ASSIGNED LC-TYPE CALL NUMBER (OCLC); LOCAL CALL NUMBER (RLIN)
Classification number (OCLC) (R) ; Classification number, CALL (RLIN) (NR) 920.0468
Local cutter number (OCLC) ; Book number/undivided call number, CALL (RLIN) م ح م
100 0# - MAIN ENTRY--PERSONAL NAME
Personal name محمد الخضر حسين،
Dates associated with a name 1876-1958
Relator term مؤلف.
245 10 - TITLE STATEMENT
Title علماء الإسلام في الأندلس /
Statement of responsibility, etc. للعلامة الشيخ محمد الخضر حسين ؛ تحقيق وتعليق وتقديم الشيخ صالح العود ؛ تقريظ صاحب الفضيلة الأستاذ الكبير علي الرضا الحسيني.
250 ## - EDITION STATEMENT
Edition statement الطبعة الأولى.
264 #1 - PRODUCTION, PUBLICATION, DISTRIBUTION, MANUFACTURE, AND COPYRIGHT NOTICE
Place of production, publication, distribution, manufacture بيروت :
Name of producer, publisher, distributor, manufacturer دار ابن حزم،
Date of production, publication, distribution, manufacture, or copyright notice 2011.
300 ## - PHYSICAL DESCRIPTION
Extent 104 صفحة ؛
Dimensions 24 × 17 سم
336 ## - CONTENT TYPE
Content type term نص
Content type code txt
Source rdacontent
Materials specified كتاب
337 ## - MEDIA TYPE
Media type term بدون وسيط
Media type code n
Source rdamedia
338 ## - CARRIER TYPE
Carrier type term مجلد
Carrier type code nc
Source rdacarrier
500 ## - GENERAL NOTE
General note محاضرة ألقيت في نادي جمعية الشباب المسلمين في القاهرة باسم جمعية الهداية الإسلامية.
504 ## - BIBLIOGRAPHY, ETC. NOTE
Bibliography, etc. note ببليوجرافية : صفحة 99-102.
520 ## - SUMMARY, ETC.
Summary, etc. يبدأ الكتاب بمقدمة للشيخ "صالح العود" تتضمن لمحة عن تاريخ الأندلس وطريقة عمله في الكتاب يلي ذلك لمحة عن حياة الإمام الشيخ "محمد الخضر حسين" وإسهاماته العلمية وكتبه المشهورة وقول العلماء فيه هذا في القسم الأول من الكتاب أما القسم الثاني فيتضمن تحقيق وعرض للمحاضرة الموسومة بعلماء الإسلام في الأندلس وفيها يشرح المؤلف سبب نهضة العلوم الإسلامية بالأندلس ومكانة علماء الأندلس في العلوم الإسلامية وتفسيرهم للقرآن الكريم وإسهاماتهم في علم الحديث الشريف وعلم الفقه وعلم الكلام وعلاقة علماء الأندلس بالفلسفة وإعتزاز علماء الأندلس بمقاماتهم الدينية وأخيرا نظر علماء الأندلس في أحوال الأمة وغيرتهم على مصالحها.
520 ## - SUMMARY, ETC.
Summary, etc. يبدأ الكتاب بمقدمة للشيخ "صالح العود" تتضمن لمحة عن تاريخ الأندلس، وطريقة عمله في الكتاب. يلي ذلك، لمحة عن حياة الإمام الشيخ "محمد الخضر حسين" وإسهاماته العلمية، وكتبه المشهورة، وقول العلماء فيه ، هذا في القسم الأول من الكتاب، أما القسم الثاني فيتضمن تحقيق وعرض للمحاضرة الموسومة بعلماء الإسلام في الأندلس وفيها يشرح المؤلف سبب نهضة العلوم الإسلامية بالأندلس ومكانة علماء الأندلس في العلوم الإسلامية، وتفسيرهم للقرآن الكريم، وإسهاماتهم في علم الحديث الشريف، وعلم الفقه، وعلم الكلام، وعلاقة علماء الأندلس بالفلسفة واعتزاز علماء الأندلس بمقاماتهم الدينية، وأخيرا نظر علماء الأندلس في أحوال الأمة وغيرتهم على مصالحها. إن التاريخ مرآة الزمان وهو العلامة الشيخ محمد الخضر حسين يدلي بدلوه مبحرا في التاريخ الأندلسي الغابر ليكتب لجيل العصر هذه الصفحات المشرقة عن انباء العلم وأعلام العلماء.
650 #7 - SUBJECT ADDED ENTRY--TOPICAL TERM
Topical term or geographic name entry element العلماء المسلمون
Geographic subdivision الأندلس
Form subdivision تراجم
Source of heading or term aucsh
651 #7 - SUBJECT ADDED ENTRY--GEOGRAPHIC NAME
Geographic name الأندلس
Form subdivision تراجم
Source of heading or term aucsh
651 #7 - SUBJECT ADDED ENTRY--GEOGRAPHIC NAME
Geographic name الأندلس
General subdivision تاريخ
Source of heading or term aucsh
700 1# - ADDED ENTRY--PERSONAL NAME
Personal name العود، صالح علي
Relator term محقق.
700 1# - ADDED ENTRY--PERSONAL NAME
Personal name الحسيني، علي الرضا
Relator term مقدم.
700 02 - ADDED ENTRY--PERSONAL NAME
Relationship information تحقيق لـ (عمل) :
Personal name محمد الخضر حسين،
Dates associated with a name 1876-1958.
Title of a work علماء الإسلام في الأندلس.
856 ## - ELECTRONIC LOCATION AND ACCESS
Uniform Resource Identifier <a href="http://dlib.nyu.edu/aco/book/columbia_aco000389/1ʻUlamāʼ al-Islām fī al-Andalus?lang=ar">http://dlib.nyu.edu/aco/book/columbia_aco000389/1ʻUlamāʼ al-Islām fī al-Andalus?lang=ar</a>
Link text Digital Copy
Access method نرجو الانتباه لإمكانية وجود اختلاف في الطبعة أو الناشر بين البيانات على البوابة وما ستجده على الكتاب نظرا لمحدودية المعلومات المتاحة على الموقع الناشر للمادة.
Materials specified Please note that there may be a difference in the edition or publisher between the data on the portal and the book due to the limited information available on the publisher website for the material.
856 ## - ELECTRONIC LOCATION AND ACCESS
Uniform Resource Identifier <a href="http://dlib.nyu.edu/files/books/columbia_aco000389/columbia_aco000389_thumb.jpg ">http://dlib.nyu.edu/files/books/columbia_aco000389/columbia_aco000389_thumb.jpg </a>
Link text CoverImage
Access method نرجو الانتباه لإمكانية وجود اختلاف في الطبعة أو الناشر بين البيانات على البوابة وما ستجده على الكتاب نظرا لمحدودية المعلومات المتاحة على الموقع الناشر للمادة.
Materials specified Please note that there may be a difference in the edition or publisher between the data on the portal and the book due to the limited information available on the publisher website for the material.
942 ## - ADDED ENTRY ELEMENTS (KOHA)
Source of classification or shelving scheme Dewey Decimal Classification
Koha item type Books
Suppress in OPAC No
949 ## - LOCAL PROCESSING INFORMATION (OCLC)
a SA-JeALM
d 251003
u mohamedma123
n 1
Holdings
Withdrawn status Lost status Source of classification or shelving scheme Damaged status Not for loan Home library Current library Date acquired Total checkouts Full call number Barcode Date last seen Price effective from Koha item type
    Dewey Decimal Classification     DR AbdElwahab Library DR AbdElwahab Library 10/20/2025   920.0468 م ح م 000020388 10/20/2025 10/20/2025 Books